Rozpoznaj państwo w kolejności alfabetycznej według podpowiedzi - Statystyki

Ogólne statystyki
  • Ten quiz został rozwiązany 67 razy
    14 od ostatniego zresetowania
  • Średni wynik to 18 z 24
Statystyki odpowiedzi
Litera Podpowiedź Państwo % Poprawnych
A Leży w Afryce i było portugalską kolonią Angola
100%
E Zostało zaanektowane przez ZSRR w 1940 roku Estonia
100%
H Graniczy z Gwatemalą, Salwadorem i Nikaraguą Honduras
92%
J Rosja kłóci się z tym państwem o Wyspy Kurylskie Japonia
92%
Ł Leży pomiędzy Litwą a Estonią Łotwa
92%
B Najwyższym szczytem tego państwa jest Maglić Bośnia i Hercegowina
85%
D W tym państwie afrykańskim leży najniższa depresja w Afryce - jezioro Lac Assal Dżibuti
85%
C jest 21 największym państwem na świecie pod względem powierzchni Czad
77%
N Granica tego państwa ze Szwecją jest najdłuższa w Europie Norwegia
77%
O Językiem urzędowym tego państwa jest język arabski Oman
77%
U Walutą tego państwa jest hrywna Ukraina
77%
V Leży w Oceanii Vanuatu
77%
W Jest drugim co do wielkości producentem ryżu na świecie Wietnam
77%
Z W skład tego państwa wchodzi siedem emiratów Zjednoczone Emiraty Arabskie
77%
F Motto tego państwa to: „Bój się Boga i czcij Królową” Fidżi
69%
I W tym państwie nie występują komary i kleszcze Islandia
69%
L Jest drugim najrzadziej odwiedzanym państwem Europy Liechtenstein
69%
R Językiem urzędowym tego państwa jest francuski i sango Republika Środkowoafrykańska
62%
S Zbudowany w tym państwie w 2010 roku pomnik Afrykańskiego Odrodzenia w Dakarze jest najwyższym monumentem w Afryce Senegal
62%
T Powstało po 2000 roku Timor Wschodni
62%
K Graniczy z jeziorem Wiktorii Kenia
54%
M Jest najniżej położonym państwem na świecie Malediwy
54%
G Narodowe zwierzę tego państwa to ptak hoacyn Gujana
46%
P To państwo odkryli w 1524 roku dwaj podróżnicy: Portugalczyk Alexio Garcia i Włoch Sebastian Caboto Paragwaj
38%
Nie znaleziono quizów pasujących do podanych kryteriów
Rozkład punktacji
Procent ludzi z każdym wynikiem
Percentyl według liczby udzielonych odpowiedzi
Twoja historia wyników
Nie rozwiązałeś tego quizu od ostatniego zresetowania